000 00282nam a2200121 i 4500
001 bg
245 0 _aMetody izmerenija osnovnych veliči jadernoj fizyki.
260 _aMoskva,
_c1964.
040 _cBPK
041 _apol
942 _cKS
008 s pl f |000 0 pol
999 _c12711
_d12711
856 _uhttp://koha.tu.koszalin.pl/cgi-bin/koha/opac-detail.pl?biblionumber=12711
_yKatalog online BPK